| 000 | 01682nam a2200289 i 4500 | ||
|---|---|---|---|
| 003 | CSPC | ||
| 005 | 20260106162413.0 | ||
| 008 | 250523s2022 ph a b 000 0 eng d | ||
| 020 | _a9786214063215 | ||
| 040 |
_cCSPC _aCSPC _beng _erda |
||
| 082 | 0 | 4 |
_a394.2 _bR618e |
| 100 | 1 |
_aRodolfa, Bernardo B., _eauthor. |
|
| 245 | 1 | 0 |
_aEvents management : _bintroduction to meetings, incentives, conferences, exhibitions (MICE), festivals, & other special events / _cBernardo B. Rodolfa. |
| 246 | 0 | 3 |
_aEvents management : _bintroduction to meetings, incentives, conferences, exhibitions (MICE), festivals, and other special events |
| 250 | _aRevised edition. | ||
| 264 | 1 |
_aIntramuros, Manila : _bMindshapers Co., Inc., _c2022. |
|
| 300 |
_axii, 202 pages : _billustrations ; _c23 cm. |
||
| 336 |
_2rdacontent _atext |
||
| 337 |
_2rdamedia _aunmediated |
||
| 338 |
_2rdacarrier _avolume |
||
| 504 | _aIncludes bibliographical references. | ||
| 505 | 0 | _aOverview of the MICE industry -- MICE in focus -- Philippine festivals and other celebrations -- Personal and special events -- Overview of event management -- The event industry in general -- Your role as a manager -- Getting started: on gathering information -- The concept of the event -- Screening the event concept -- Filling the gaps of the event concept -- The event proposal -- Finalizing the event concept with the event team -- The event execution and evaluation. | |
| 650 | 4 |
_aSpecial events _xPlanning |
|
| 650 | 4 |
_aSpecial events _xManagement. |
|
| 942 |
_2ddc _n0 _cBK _iR618e _kFIL _m2022 _h394.2 |
||
| 999 |
_c29680 _d29680 |
||